Responses for Show #7248 - Wednesday, March 2, 2016

Contestants

[<< previous game]

John Bozek, an economic development professional from New York, New York

Peter Diedrich, an attorney from Sierra Madre, California

Rachel Zoch, a writer and editor from Deer Park, Texas (whose 1-day cash winnings total $4,700)

[next game >>]

Jeopardy! Round responses

(Alex: Now if you visit museums, you will probably always...)
EXIT THROUGH THE GIFT SHOP
BIBLE BOOKS IN POP MUSIC
FASHION
WHAT'S YOUR MOVIE PROFESSION?
MISSING LINKS
THIS IS "D" PLACE
    $200 2
George Washington

John
    $200 13
Exodus

John
    $200 30
Bermuda

Rachel
    $200 10
an archaeologist

Rachel
    $200 21
[Alex reads the blank as "this".]

grace

Peter
    $200 4
Devil's Island

Rachel
    $400 3
Jelly Bellys

Peter
    $400 5
Daniel

Peter
    $400 29
hourglass

Rachel
    $400 17
a barber

Peter
    $400 22
monkey

Rachel
    $400 6
Denmark

Peter
    $600 14
[The shirt read: "Failure is NOT an option".]

Apollo 13

Peter
    $600 1
Ezra

John
    $600 28
a kitten heel

Peter
    $600 18
a screenwriter

John
    $600 23
Wolf

Rachel
    $600 9
Diamond Head

Peter
    $800 15
an ICBM

Peter
    $800 11
(Alex: "[*] was a bullfrog.")

Jeremiah

Rachel
    $800 27
neutral

Peter
    $800 19
(Peter: What is a law student?)
(Alex: No. We won't accept that.)
[Reversed before Double Jeopardy!]

a lawyer

RachelPeter
    $800 24
[Alex reads the blank as "this".]

fire

Rachel
    $1,200 7
Dubai

Peter
    $1000 16
brandy

Rachel
    $1000 12
Genesis

Triple Stumper
    $1000 26
Burberry

John
    $1000 20
(Alex: Mickey Rourke as a [*] in the film The [*].)

wrestler

Triple Stumper
    $1000 25
choir

Rachel
    $1000 8
(Peter: What is [*]?)
(Alex: You didn't ring in.)
(Peter: Oh. Sorry.)
[Peter furiously tries to ring in, but too late.]
(Alex: John.)
(John: What is [*]?)
(Alex: What is [*]? Yes.)
[Laughter]
(Alex: Peter might've thought it was another Daily Double just for him.)
(Peter: I... did.)

Delft

John

Scores at the first commercial break (after clue 15):

Rachel Peter John
$1,200 $4,400 $2,000

Scores at the end of the Jeopardy! Round:

Rachel Peter John
$6,400 $7,200 $3,600

Double Jeopardy! Round responses

REMEMBERING THE ALAMO
AT "BAT"
DOGGONE GOOD WRITING
TED
THE LAST MAN
ON EARTH
    $400 5
Davy Crockett

Peter
    $400 6
a baton

Rachel
    $400 30
(John: What is The Hound of the Baskerville?)
[In possibly a trick of editing, the time's-up signal sounds to rule the clue dead the instant John is ruled wrong.]

The Hound of the Baskervilles

John
Triple Stumper
    $400 21
(Rachel: What is The Munsters?)

The Addams Family

RachelPeter
    $400 1
(Peter: Who is Klitschko?)
[Alex initially gave the last name of the correct response as "Merryweather" but quickly corrected himself, adding, "Silly me."]

Floyd Mayweather

Peter
Triple Stumper
    $400 11
Scotland

Rachel
    $800 7
San Antonio

John
    $800 16
a battalion

Peter
    $800 29
Odysseus

Rachel
    $800 22
Turin

Triple Stumper
    $800 2
1984

John
    $800 12
sand dunes

Rachel
    $1200 8
(Jim) Bowie

John
    $1200 17
Battery Park

Rachel
    $1200 28
Darwin

Peter
    $1200 23
Ted Danson

Peter
    $3,000 3
(John: What is... the gas chamber?)

hanging

John
    $1200 13
La NiƱa

Peter
    $1600 9
Santa Anna

Peter
    $1600 18
batten down

John
    $1600 27
Winn-Dixie

Rachel
    $1600 24
The Love Boat

John
    $1600 4
Nietzsche

Rachel
    $3,000 14
[Peter gave both listed responses.]

the aurora (the northern lights)

Peter
    $2000 10
William Barret Travis

Rachel
    $2000 19
batik

Peter
    $2000 26
Rochester

John
    $2000 25
Ted Nugent

Rachel
    $2000 20
Pope John Paul I

Triple Stumper
    $2000 15
the mantle

Peter

Scores at the end of the Double Jeopardy! Round:

Rachel Peter John
$16,800 $20,600 $8,200

[wagering suggestions for these scores]

Final Jeopardy! Round responses

STATE CAPITALS
(Alex: [To Rachel] No, I believe they have two there.)
JohnWhat is Montpelier?
$500
RachelWhat is Juneau, AK?
$4,000
PeterWhat is Newport?
$13,001
Montpelier, Vermont

Final scores:

Rachel Peter John
$12,800 $7,599 $8,700
2-day champion: $17,500 3rd place: $1,000 2nd place: $2,000

Game dynamics:

Coryat scores:

Rachel Peter John
$16,800 $18,800 $11,200
20 R,
1 W
22 R
(including 2 DDs),
1 W
12 R,
2 W
(including 1 DD)

Combined Coryat: $46,800

[game clues] [game scores] [suggest correction]

Game tape date: 2016-01-14
The J! Archive is created by fans, for fans. Scraping, republication, monetization, and malicious use prohibited; this site may use cookies and collect identifying information. See terms. The Jeopardy! game show and all elements thereof, including but not limited to copyright and trademark thereto, are the property of Jeopardy Productions, Inc. and are protected under law. This website is not affiliated with, sponsored by, or operated by Jeopardy Productions, Inc. Join the discussion at JBoard.tv.